Quiz événements du Proche-Orient Ancien (1500-931 av. J.-C.)) - Statistiques

Statistiques générales
  • Ce quiz a été pris 61 fois
  • Le résultat moyen est 4 sur 13
Statistiques - réponses
Hint Réponse % Correct
Schisme de la "monarchie unie" entre les deux Royaumes d'Israël et de Juda. 931
58%
"Traité éternel" entre les Hittites et l'Egypte, alliance défensive, extradition des fugitifs de chaque royaume et protection de la succession dynastique réciproque. 1259
53%
Crise en Egypte qui doit faire face à une incursion libyenne à l'Ouest, révoltes en Nubie au Sud ainsi qu'au Levant au Nord-Est. Grand coup porté à la puissance égyptienne qui doit céder des territoires dans le delta du Nil. Erection de la stèle de Merneptah qui exagère un peu les victoires égyptiennes. 1207
47%
Contre-offensive hittite au Levant central, bataille de Qadeš (Ramsès II et Muwatalli II) qui est une victoire égyptienne en demi-teinte, les hittites récupèrent leurs possessions et poussent même jusqu'à Damas. 1274
42%
Ramsès III repousse les Peuples de la Mer lors de la bataille du delta. 1177
37%
Période exceptionnellement bien documentée sous les règnes d’Amenhotep III,Akhenaton et Toutankhamon en Egypte grâce à différents types de documents archivés sur environ 382 tablettes (répondre en décennies). 1360-1330
37%
Destruction de Hattusa, capitale de l’empire hittite, par les Gasgas. 1190
32%
Profitant de la crise hittite liée aux épidémies et à la pression des Gasgas, Sethi Ier reprend l'Amurru et Qadeš. 1280
32%
Paix égypto-mittanienne, fixation d’une frontière au niveau la trouée de Homs et série de mariages diplomatiques. 1418
32%
Paix manquée ou "affaire Zannanza", le prince hittite est envoyé en Egypte pour épouser la veuve de Toutankhamon mort sans héritier. Zannanza est assassiné sur le chemin, potentiellement par le haut dignitaire Aÿ qui devient pharaon. Grandes tensions liées à cet événement. 1327
26%
Perte des dernières positions égyptiennes au Levant après un demi-siècle de difficultés à garder le contrôle sur cet espace. 1120
21%
Thoutmosis III affronte une coalition levantine dirigée par le roi de Qadeš (probablement soutenue par le Mittani). 1457
16%
Conflit égypto-hittite au Levant. 1290-1259
5%
Aucun quiz correspondant
Distribution des résultats
% des personnes avec chaque résultat
Percentile par nombre de réponses
Votre historique - résultats
Vous n’avez pas pris ce quiz